Principles of corporate finance /

This book is about: Value; Risk; Practical problems in capital budgeting; Financing decisions and market efficiency; Dividend policy and capital structure; Options; Debt financing; Financial planning; Short-Term financial decisions; ...

محفوظ في:
التفاصيل البيبلوغرافية
المؤلف الرئيسي: Brealey, Richard A.
مؤلفون آخرون: Myers, Stewart C.
التنسيق: كتاب
اللغة:English
منشور في: New York : McGraw-Hill, 1996.
الطبعة:5th ed.
الموضوعات:
الوسوم: إضافة وسم
لا توجد وسوم, كن أول من يضع وسما على هذه التسجيلة!
Thư viện lưu trữ: Mạng thư viện Đại học Đà Nẵng
LEADER 01172cam a2200361 i 4500
001 000049719
003 9730
005 20051111144356.0
008 010406b1996 vm 000 eng
020 |a 0070074178 
040 |a IRC  |c IRC  |d IRC 
041 0 |a eng 
082 1 4 |a 658.15  |b BR-R 
100 1 |a Brealey, Richard A. 
245 1 0 |a Principles of corporate finance /  |c Richard A. Brealey, Stewart C. Myers. 
250 |a 5th ed. 
260 |a New York :  |b McGraw-Hill,  |c 1996. 
300 |a 1 v. (various pagings) :  |b ill. (some col.). ;  |c 23.5 cm. 
520 3 |a This book is about: Value; Risk; Practical problems in capital budgeting; Financing decisions and market efficiency; Dividend policy and capital structure; Options; Debt financing; Financial planning; Short-Term financial decisions; ... 
630 0 4 |a Finance. 
630 0 4 |a Corporations. 
650 0 4 |a Corporations  |x Finance. 
700 1 |a Myers, Stewart C. 
OWN |a DUT 
999 |a From the UDN01 
TYP |a Monograph 
TYP |a Printed language 
980 |a Mạng thư viện Đại học Đà Nẵng